UBT Library

The ultimate multimedia handbook / (Record no. 39712)

000 -LEADER
fixed length control field 00659cam a2200217 a 4500
001 - CONTROL NUMBER
control field 4000406
005 - DATE AND TIME OF LATEST TRANSACTION
control field 20180104051417.0
008 - FIXED-LENGTH DATA ELEMENTS--GENERAL INFORMATION
fixed length control field 961004s1997 nyua 001 0 eng
010 ## - LIBRARY OF CONGRESS CONTROL NUMBER
LC control number 96047090
020 ## - INTERNATIONAL STANDARD BOOK NUMBER
International Standard Book Number 0070345309 (pbk. : acidfree paper)
040 ## - CATALOGING SOURCE
Original cataloging agency DLC
Transcribing agency DLC
Modifying agency DLC
041 ## - LANGUAGE CODE
Language code of text/sound track or separate title eng
080 ## - UNIVERSAL DECIMAL CLASSIFICATION NUMBER
Universal Decimal Classification number 006.7 JES
082 00 - DEWEY DECIMAL CLASSIFICATION NUMBER
Classification number 006.7 JES
Edition number 21
100 ## - Rafti
Rafti 27
101 ## - Shkurtesa
Shkurtesa MED
245 04 - TITLE STATEMENT
Title The ultimate multimedia handbook /
Statement of responsibility, etc Jessica Keyes, editor.
906 ## - LOCAL DATA ELEMENT F, LDF (RLIN)
a 7
b cbc
c orignew
d 1
e ocip
f 19
g y-gencatlg
942 ## - ADDED ENTRY ELEMENTS (KOHA)
Source of classification or shelving scheme
Item type Books
Holdings
Withdrawn status Lost status Source of classification or shelving scheme Damaged status Not for loan Permanent location Current location Date acquired Total Checkouts Full call number Barcode Date last seen Price effective from Koha item type
          UBT - Lipjan UBT - Lipjan 01/04/2018   006.7 JES 002-2994309 01/04/2018 01/04/2018 Books
UBT Library © 2015-2024. All rights reserved University Education for Business and Technology